Statistics for 2023年日韩台百万人口城市

Click here to take the quiz!

General Stats

  • This quiz has been taken 375 times
  • The average score is 16 of 26

Answers on the Map

Answers color-coded by a green-red scale on the quiz's map according to % correct below.
 

Answer Stats

人口(万)城市% Correct
4,080东京 / 横滨
99%
2,490首尔 / 仁川
99%
1,770大阪 / 神户 / 京都
98%
920台北 / 新北 / 桃园
97%
297.5平壤
94%
400釜山
92%
277.5高雄
90%
131台南
88%
245台中
88%
230札幌
79%
1,050名古屋
78%
187广岛
76%
151仙台
58%
163光州
52%
124那霸
52%
275大邱
52%
280福冈
51%
115熊本
44%
198北九州 / 下关
38%
153大田
36%
108蔚山
35%
113静冈
29%
117清州 / 世宗
25%
217.5冈山 / 福山
24%
131滨松
13%
102昌原
6%

Score Distribution

Percentile by Number Answered

Percent of People with Each Score

Your Score History

You have not taken this quiz